000 00778nam a2200193Ii 4500
003 JO-AjNU
008 230605s9999||||xx |||||||||||||| ||und||
040 _aJO-AjNU
_bara
_erda
_cJO-AjNU
041 _aara
050 1 4 _aD16.I66 .D5782 1963
100 3 _aتحرير هيوج، أنكن؛ ترجمة محمود زايد؛ تقديم قسطنطين زريق,
_eauthor
_938743
245 0 0 _aدراسة التاريخ وعلاقتها بالعلوم الاجتماعية
264 3 1 _aبيروت: دار العلم للملايين، 1963
300 _a231ص
336 _atext
_btxt
_2rdacontent
337 _aunmediated
_bn
_2rdamedia
338 _avolume
_bnc
_2rdacarrier
650 4 _aالقرن العشرون -- تاريخ. علوم اجتماعية --اساليب
_938744
999 _aA16303
_c19871
_d19871